| 000 | 00873nas a2200301 4500 | ||
|---|---|---|---|
| 001 | BR0808176 | ||
| 003 | BR-BrBNA | ||
| 005 | 20231205112817.0 | ||
| 007 | ta | ||
| 008 | 230509b bl.|||p| |||| 00| 00por d | ||
| 040 |
_aBR-BrBNA _bpor _cBiblioteca Nacional de Agricultura |
||
| 041 | _a(Pt) | ||
| 072 | _aL01; L20 | ||
| 100 | 1 | _aCampos, J.A. | |
| 100 | 1 | _aTinôco, I. de F.F. | |
| 100 | 1 | _aBaêta, F. da C. | |
| 100 | 1 | _aSilva, J.N. da | |
| 100 | 1 | _aCarvalho, C.S. | |
| 100 | 1 | _aMauiri, A.L. | |
| 245 | 1 | _aAmbiente térmico e desempenho de suínos em dois modelos de maternidade e creche | |
| 650 | _aSUÍNO | ||
| 650 | _aMICROCLIMA | ||
| 650 | _aTEMPERATURA | ||
| 650 | _aPARTO | ||
| 773 | 0 |
_tRevista Ceres (Brazil) _xISSN 0034-737X _g(May-Jun 2008), v. 55(3) p. 187-193 _wBR0808176 |
|
| 909 |
_a202311 _bLúcia _c55 _dLúcia Elande |
||
| 942 |
_2AGRIS _n0 _cANA |
||
| 999 |
_c200119 _d200119 |
||